Biblioteca "Ernesto Sabato"
Facultad de Derecho y Ciencias Sociales
Facultad de Lenguas
Universidad Nacional del Comahue

Arqueología de Río Negro (Record no. 33166)

MARC details
000 -CABECERA
campo de control de longitud fija 00663nam a22002537a 4500
003 - IDENTIFICADOR DEL NÚMERO DE CONTROL
campo de control OSt
005 - FECHA Y HORA DE LA ÚLTIMA TRANSACCIÓN
campo de control 20181113171229.0
008 - DATOS DE LONGITUD FIJA--INFORMACIÓN GENERAL
campo de control de longitud fija 181113b xxu||||| |||| 00| 0 spa d
020 ## - ISBN
Número Internacional Estándar del Libro 987-97315-2-2
040 ## - FUENTE DE LA CATALOGACIÓN
Centro/agencia transcriptor Biblioteca Ernesto Sábato
092 ## - SIGNATURA TOPOGRÁFICA
Número de clasificación 982.093
Libristica G732
Sector JJR
100 ## - Autor Personal
Nombre de persona Gradin, Carlos J.
245 ## - MENCIÓN DE TÍTULO
Título Arqueología de Río Negro
260 ## - PUBLICACIÓN, DISTRIBUCIÓN, ETC. (PIE DE IMPRENTA)
Nombre del editor, distribuidor, etc. Secretaría de acción social
300 ## - DESCRIPCIÓN FÍSICA
Paginas 120 p
650 ## - Descriptores Tematicos
Término de materia o nombre geográfico como elemento inicial RIO NEGRO (ARGENTINA)
650 ## - Descriptores Tematicos
Fuente del encabezamiento o término PATAGONIA (ARGENTINA)
650 ## - Descriptores Tematicos
Término de materia o nombre geográfico como elemento inicial ARQUEOLOGIA ARGENTINA
650 ## - Descriptores Tematicos
Término de materia o nombre geográfico como elemento inicial ARTE RUPESTRE
650 ## - Descriptores Tematicos
Término de materia o nombre geográfico como elemento inicial /JJR/
700 ## - Coautores y traductores
Nombre de persona Ana M. Aguerre
700 ## - Coautores y traductores
Nombre de persona Ana M. Albornoz
942 ## - ELEMENTOS DE PUNTO DE ACCESO ADICIONAL (KOHA)
Fuente del sistema de clasificación o colocación Dewey Decimal Classification
Tipo de ítem Koha JRR
Holdings
Estado de retiro Estado de pérdida Fuente del sistema de clasificación o colocación Estado dañado No para préstamo Localización permanente Ubicación/localización actual Fecha de adquisición Número de inventario Total de préstamos Signatura topográfica completa Código de barras Fecha visto por última vez Precio válido a partir de Tipo de ítem Koha
    Dewey Decimal Classification     Biblioteca Ernesto Sabato - FADECS - UNCOMA Biblioteca Ernesto Sabato - FADECS - UNCOMA 13/11/2018 23848   982.093 G732 23848 13/11/2018 13/11/2018 JRR
Facultad de Derecho y Ciencias Sociales | Universidad Nacional del Comahue | Mendoza y Perú General Roca | Río Negro CP (8332) | Patagonia Argentina | Teléfono: 54-0298-4433670 | | Fax: 0298-4432093 | Fax alumnos: 0298-4435700